00268nam a2200109Ia 4500008004100000041001200041082001100053100002200064245006000086260000600146650000600152221030s9999 xx 000 0 und d aEnglish a105.23 aS. P. Rajagopalan 0aProgramming in C & PC Applicationcby S. P. Rajagopalan c0 aB